[Event "Ch Club Argentino"]
[Site "Buenos Aires (Argentina)"]
[Round "0"]
[White "Guimard Carlos E (ARG)"]
[Black "Szabo Laszlo (HUN)"]
[Result "0-1"]
[WhiteElo "2325"]
[BlackElo "1903"]

1.d4 Nf6 2.c4 e6 3.Nf3 c5 4.d5 exd5 5.cxd5 d6 6.Nc3 g6 7.e4 Bg7 8.Be2 O-O
9.O-O Nbd7 10.Bf4 Qe7 11.Nd2 Ne5 12.a4 b6 13.Re1 Rb8 14.Bg3 Ne8 15.f4 Nd7
16.Bc4 g5 17.e5 gxf4 18.exd6 Qxd6 19.Bh4 Ne5 20.Qh5 Bg4 21.Qg5 f6 22.Qxf4 Nf3+
23.Qxf3 Bxf3 24.Nxf3 f5 25.Bg3 f4 26.Bh4 Qg6 27.Rad1 Nd6 28.Re6 Nxc4 29.Rxg6
hxg6 30.b3 Ne3 31.Rd3 Bxc3 32.Rxc3 Nxd5 33.Rd3 Rf5 34.Bf2 Rd8 35.h4 Rff8
36.Rd1 Rfe8 37.a5 Ne3 {#R} 0-1

[Event "Cup Clare Benedict"]
[Site "Lugano (Switzerland)"]
[Round "0"]
[White "Donner Jan-Hein (NED)"]
[Black "Giustolisi Alberto (ITA)"]
[Result "1-0"]
[WhiteElo "2430"]
[BlackElo "2270"]

1.d4 Nf6 2.c4 c5 3.d5 e6 4.Nc3 exd5 5.cxd5 d6 6.Nf3 g6 7.Nd2 Bg7 8.e4 O-O
9.Be2 Na6 10.O-O Nc7 11.a4 Re8 12.Re1 h5 13.h3 Nd7 14.Nc4 Ne5 15.Ne3 Bh6
16.Bf1 Qf6 17.Nc4 Bxc1 18.Rxc1 Nxc4 19.Bxc4 Re5 20.Qd2 g5 21.Rf1 Qg7 22.Kh2
Bd7 23.f4 gxf4 24.Rxf4 Rf8 25.Rcf1 f6 26.Qf2 Bxa4 27.Nxa4 b5 28.Bb3 bxa4
29.Bxa4 a6 30.Bc2 Rg5 31.h4 Re5 32.Bd3 Nb5 33.Qe3 Kf7 34.Ra1 Nc7 35.b4 Rg8
36.Rf2 cxb4 37.Rc2 Ke8 38.Qb6 Qg3+ 39.Kh1 Re7 40.Bf1 Qxh4+ 41.Kg1 Qxe4 42.Re2
Nxd5 43.Qc6+ {#r} 1-0

[Event "It (2)"]
[Site "Budapest (Hungary)"]
[Round "4"]
[White "Lengyel Levente (HUN)"]
[Black "Ozsvath Andras (HUN)"]
[Result "1-0"]
[WhiteElo "2293"]
[BlackElo "2158"]

1.d4 Nf6 2.c4 g6 3.Nc3 Bg7 4.e4 d6 5.Nf3 O-O 6.Bg5 c5 7.d5 e6 8.Nd2 h6 9.Bh4
exd5 10.cxd5 b6 11.Be2 Ba6 12.O-O Qd7 13.a4 Bxe2 14.Qxe2 a6 15.Nc4 Qc7 16.Bg3
Ne8 17.f4 Bd4+ 18.Kh1 Ra7 19.e5 Nd7 20.Rae1 Kg7 21.Ne4 Qb7 22.e6 Ndf6 23.Ncxd6
Qxd5 24.Nxf6 Bxf6 25.Nxf7 Re7 26.Ne5 Nc7 27.f5 gxf5 28.Qh5 Nxe6 29.Qg6+ Kh8
30.Qxf5 Bxe5 31.Bxe5+ Kg8 32.Qg6+ Ng7 33.Rxf8+ {#r} 1-0

[Event "Ch URS (1/2 final)"]
[Site "Cheliabinsk (Russia)"]
[Round "0"]
[White "Yuferov Sergey N (RUS)"]
[Black "Rashkovsky Nukhim N (RUS)"]
[Result "0-1"]
[WhiteElo "2412"]
[BlackElo "2430"]

1.d4 Nf6 2.c4 c5 3.d5 e6 4.Nc3 exd5 5.cxd5 d6 6.Nf3 g6 7.Nd2 Nbd7 8.e4 Bg7
9.Be2 O-O 10.O-O Ne8 11.Re1 Nc7 12.a4 Na6 13.Nc4 Ne5 14.Ne3 f5 15.f4 Nf7
16.exf5 gxf5 17.Bd3 Nh6 18.Qh5 Nb4 19.Bb1 Bd7 20.h3 a6 21.Bd2 Qf6 22.Ncd1 Rae8
23.Bc3 Qg6 24.Qf3 Re7 25.Nf2 Rfe8 26.Nd3 Bd4 27.Bxd4 cxd4 28.Nc2 Nxc2 29.Bxc2
Re3 30.Rxe3 Rxe3 31.Qf2 Rxh3 32.Qxd4 Qg3 33.Qf6 Qh2+ 34.Kf1 Qh1+ 35.Ke2 Qxg2+
36.Nf2 Qf3+ 37.Ke1 Rh2 38.Qg5+ Kf7 39.Qg1 Qg2 {#R} 0-1

[Event "Memorial J.Capablanca (b)"]
[Site "Camaguey (Cuba)"]
[Round "7"]
[White "Vilela Jose Luis (CUB)"]
[Black "Caro Alberto N (VEN)"]
[Result "1-0"]
[WhiteElo "2359"]
[BlackElo "2235"]

1.d4 g6 2.c4 Bg7 3.Nc3 d6 4.Nf3 Nf6 5.e4 O-O 6.Be2 c5 7.O-O Bg4 8.d5 e6 9.h3
Bxf3 10.Bxf3 exd5 11.cxd5 Re8 12.Bf4 a6 13.a4 Qc7 14.Rc1 Nbd7 15.b4 Rac8
16.Re1 b6 17.Qb3 h6 18.bxc5 bxc5 19.Qc4 g5 20.Bg3 Ne5 21.Bxe5 Rxe5 22.Qxa6 Rd8
23.Rb1 Re7 24.Nb5 Qd7 25.Nxd6 Qxd6 26.Qxd6 Rxd6 27.e5 Ra6 28.d6 Re8 29.Be2 Ra7
30.exf6 Bxf6 31.Bb5 Rd8 32.d7 Raxd7 33.Bxd7 Rxd7 34.Rbc1 Bd4 35.Re2 Ra7 36.Ra2
Ra5 37.Kf1 Kf8 38.Ke2 Ke7 39.Kd3 Kd6 40.Kc4 Kc6 41.Rb1 h5 {#r} 1-0

[Event "Memorial A.Sokolsky"]
[Site "Minsk (Belarus)"]
[Round "0"]
[White "Dydyshko Viacheslav (BLR)"]
[Black "Kapengut Albert Z (BLR)"]
[Result "0-1"]
[WhiteElo "2512"]
[BlackElo "2402"]

1.d4 Nf6 2.c4 c5 3.d5 e6 4.Nc3 exd5 5.cxd5 d6 6.Nf3 g6 7.Nd2 Nbd7 8.e4 Bg7
9.Be2 O-O 10.O-O Qe7 11.Re1 Ne8 12.Nc4 b6 13.Bf4 Ne5 14.Qd2 Rb8 15.Bg3 g5
16.Ne3 Bf6 17.Nf5 Bxf5 18.exf5 Ng7 19.f4 gxf4 20.Qxf4 Bg5 21.Qf2 f6 22.Rad1
Qd7 23.Rf1 b5 24.h4 Bh6 25.Bxe5 fxe5 26.f6 Ne8 27.Ne4 Rb7 28.g4 Bf4 29.g5 h6
30.Kg2 hxg5 31.hxg5 Qh7 32.Ng3 Bxg5 33.Bg4 Rxf6 34.Bf5 Qg7 35.Qe2 Bh4 36.Rd3
Kf8 37.Qh5 Rbf7 38.Rdf3 Rxf5 39.Qxh4 Rxf3 40.Rxf3 Rxf3 41.Kxf3 Qf6+ 42.Qxf6+
Nxf6 43.Nf5 Ne8 {#R} 0-1

[Event "Ch Yugoslavia"]
[Site "Sombor (Yugoslavia)"]
[Round "0"]
[White "Begovac Franja (CRO)"]
[Black "Commons Kim S (USA)"]
[Result "0-1"]
[WhiteElo "2379"]
[BlackElo "2420"]

1.d4 Nf6 2.c4 e6 3.Nf3 c5 4.d5 exd5 5.cxd5 d6 6.Nc3 g6 7.Nd2 Bg7 8.e4 O-O
9.Be2 Na6 10.O-O Nc7 11.Kh1 Qe7 12.f3 Nd7 13.a4 f5 14.exf5 gxf5 15.f4 Nf6
16.Nc4 Ng4 17.Bxg4 fxg4 18.Ne2 Rf5 19.Ne3 Rh5 20.Ng3 Rxh2+ 21.Kxh2 Qh4+ 22.Kg1
Qxg3 23.Qe1 Qxe1 24.Rxe1 Bd4 25.Kh2 Bd7 26.Nc4 Nxd5 27.Nxd6 Rf8 28.Re2 Rf6
29.Nb5 Rh6+ 30.Kg3 Bf6 31.f5 Rh1 32.Kxg4 h5+ 33.Kf3 a6 34.Nd6 Bc6 35.Ne4 Bd4
36.Kg3 Be5+ 37.Kf2 h4 38.Re1 Bd4+ 39.Ke2 Rxe1+ 40.Kxe1 Nb4 {#R} 0-1

[Event "It \"]
[Site "Buenos Aires (Argentina)"]
[Round "8"]
[White "Bernat Marcin (POL)"]
[Black "Ljubojevic Ljubomir (SRB)"]
[Result "0-1"]
[WhiteElo "2161"]
[BlackElo "2590"]

1.d4 Nf6 2.c4 e6 3.Nf3 c5 4.d5 exd5 5.cxd5 g6 6.Nc3 Bg7 7.Bf4 Na6 8.e4 O-O
9.Nd2 Re8 10.Be2 d6 11.O-O Nc7 12.a4 b6 13.Re1 a6 14.Qc2 Rb8 15.Nc4 Bf8 16.Bf1
b5 17.axb5 axb5 18.Na5 Bd7 19.Nc6 Bxc6 20.dxc6 b4 21.Na4 Ne6 22.Be3 Qc7 23.f3
Qxc6 24.b3 d5 25.exd5 Nxd5 26.Bf2 Bg7 27.Rad1 Nc3 28.Nxc3 Nd4 29.Rxe8+ Rxe8
30.Bxd4 cxd4 31.Bb5 Qxc3 32.Qxc3 bxc3 {#R} 0-1

[Event "?"]
[Site "Bulgaria"]
[Round "0"]
[White "Inkiov Ventzislav (BUL)"]
[Black "Ermenkov Evgenij (PLE)"]
[Result "0-1"]
[WhiteElo "2460"]
[BlackElo "2495"]

1.d4 Nf6 2.c4 c5 3.d5 e6 4.Nc3 exd5 5.cxd5 d6 6.Nf3 g6 7.e4 Bg7 8.Be2 O-O
9.Nd2 Na6 10.O-O Nc7 11.a4 Qe7 12.f4 b6 13.Kh1 Re8 14.e5 Nfxd5 15.Nxd5 Nxd5
16.Nc4 dxe5 17.Qxd5 Bb7 18.Qd6 Bxg2+ 19.Kxg2 Qb7+ 20.Kg1 Rad8 21.fxe5 Qe4
22.Rf2 Rxd6 23.Nxd6 Qxe5 24.Nxe8 Qxe8 25.Kf1 Bd4 26.Rf4 g5 27.Rg4 h6 28.Bf3
Qe5 29.h4 Qf5 30.Ke2 Qc2+ 31.Bd2 Qc4+ 32.Ke1 f5 33.Rg2 g4 34.Be2 Qb3 35.Ra3
Qxb2 36.Bc4+ Kh7 37.Rb3 Qc2 38.Bd5 c4 39.Rb4 Bc3 40.Rxc4 Qc1+ {#R} 0-1

[Event "Ch URS (1 liga)"]
[Site "Frunze (Kyrgyzstan)"]
[Round "17"]
[White "Bagirov Vladimir (LAT)"]
[Black "Timoscenko Gennadij (SVK)"]
[Result "1-0"]
[WhiteElo "2545"]
[BlackElo "2530"]

1.d4 Nf6 2.c4 c5 3.d5 e6 4.Nc3 exd5 5.cxd5 d6 6.Nf3 g6 7.Nd2 Nbd7 8.e4 Bg7
9.Be2 O-O 10.O-O Qe7 11.a4 Ne5 12.Ra3 g5 13.Re1 g4 14.Nf1 Nh5 15.Ne3 Nf4
16.Bxg4 Nxg4 17.Nxg4 Qg5 18.Qf3 Bxg4 19.Bxf4 Qg6 20.Qg3 Rad8 21.Nb5 Bxb2
22.Rb3 Bg7 23.Nxd6 b6 24.e5 Bf5 25.Nxf5 Qxf5 26.Bh6 Qg6 27.Bxg7 Kxg7 28.Qf4
{#r} 1-0

[Event "It"]
[Site "Nis (Yugoslavia)"]
[Date "1979.11.06"]
[Round "7"]
[White "Golubovic Zoran (SRB)"]
[Black "Tringov Georgi P (BUL)"]
[Result "0-1"]
[WhiteElo "2289"]
[BlackElo "2379"]

1.d4 Nf6 2.c4 c5 3.d5 e6 4.Nc3 exd5 5.cxd5 d6 6.Nf3 g6 7.Nd2 Bg7 8.e4 O-O
9.Be2 Na6 10.O-O Nc7 11.Kh1 Qe7 12.a4 Rb8 13.f3 a6 14.a5 Bd7 15.Nc4 Bb5 16.e5
Nfe8 17.exd6 Nxd6 18.Nxd6 Qxd6 19.Ne4 Qe5 20.Bxb5 Nxb5 21.Nxc5 Rbd8 22.Qb3
Qxd5 23.Qxd5 Rxd5 24.Be3 Re8 25.Bg1 Bxb2 26.Rae1 Rxe1 27.Rxe1 Bc3 28.Rb1 Nd6
29.h4 Bxa5 30.Nxb7 Nxb7 31.Rxb7 Be1 32.Ra7 Bxh4 33.g3 Bxg3 34.Kg2 Bf4 35.Rxa6
Rd2+ 36.Kh3 h5 37.Ra8+ Kg7 38.Ra4 g5 39.Bd4+ Kg6 40.Ra6+ Kh7 {#R} 0-1

[Event "It"]
[Site "Lone Pine (USA)"]
[Round "0"]
[White "Rajkovic Dusan (SRB)"]
[Black "Kaplan Julio P (USA)"]
[Result "0-1"]
[WhiteElo "2495"]
[BlackElo "2475"]

1.d4 Nf6 2.c4 e6 3.Nf3 c5 4.d5 exd5 5.cxd5 g6 6.Nc3 Bg7 7.e4 O-O 8.Be2 d6
9.Nd2 Na6 10.O-O Nc7 11.a4 b6 12.Nc4 Ba6 13.Bg5 Qd7 14.f3 Rab8 15.e5 Nfe8
16.exd6 Nxd6 17.Nxd6 Qxd6 18.Bxa6 Nxa6 19.Qe2 Qe5 20.Qxe5 Bxe5 21.Be7 Rfe8
22.d6 Nb4 23.Rad1 f5 24.Rfe1 Bd4+ 25.Rxd4 cxd4 26.d7 dxc3 27.dxe8=Q+ Rxe8
28.bxc3 Nd5 29.Bh4 Rxe1+ 30.Bxe1 Kf7 31.Bd2 Ke6 32.Kf2 Nf6 33.Ke3 Nd7 34.c4 a5
35.Kd4 Nc5 36.Bc1 Nb3+ {#R} 0-1

[Event "Ch Czechoslovakia"]
[Site "Trnava (Slovakia)"]
[Round "9"]
[White "Meduna Eduard (CZE)"]
[Black "Sikora-Lerch Jan (CZE)"]
[Result "1-0"]
[WhiteElo "2405"]
[BlackElo "2410"]

1.d4 c5 2.d5 Nf6 3.c4 e6 4.Nc3 exd5 5.cxd5 d6 6.Nf3 g6 7.Nd2 Nbd7 8.e4 Bg7
9.Be2 O-O 10.O-O Ne8 11.a4 b6 12.f4 a6 13.Kh1 Rb8 14.Qc2 Ndf6 15.Nc4 Ng4
16.Bxg4 Bxg4 17.f5 Bh5 18.Bf4 g5 19.Bg3 Bd4 20.e5 dxe5 21.Nxe5 Rb7 22.Nc6 Qa8
23.Qd2 Bf6 24.Ne4 h6 25.Bd6 Rd7 26.Bxf8 Kxf8 27.Rae1 Bd4 28.Nxd4 Rxd5 29.Ng3
Rxd4 30.Qe3 {#r} 1-0

[Event "It (open)"]
[Site "Biel (Switzerland)"]
[Round "2"]
[White "Willemsen Jos (NED)"]
[Black "Titz Heimo (AUT)"]
[Result "0-1"]
[WhiteElo "2244"]
[BlackElo "2202"]

1.c4 Nf6 2.d4 c5 3.d5 e6 4.Nc3 exd5 5.cxd5 d6 6.e4 g6 7.Nf3 Bg7 8.Be2 Bg4 9.h3
Bxf3 10.Bxf3 O-O 11.O-O Nbd7 12.Bf4 Qe7 13.Re1 Ne5 14.Be2 h6 15.a4 g5 16.Bh2
a6 17.a5 Rab8 18.Qb1 Nfd7 19.Nd1 b6 20.axb6 Rxb6 21.Rxa6 Rfb8 22.Rxb6 Rxb6
23.Qc2 Qd8 24.f4 gxf4 25.Bxf4 Qh4 26.Rf1 Ng6 27.Bh2 Nde5 28.Kh1 Rb4 29.Nf2 Qg5
30.Nd3 Nxd3 31.Qxd3 Be5 32.Qf3 Rb7 33.Bxe5 Nxe5 34.Qa3 Kg7 35.Bf3 Qd2 36.b3
Qd3 37.Rg1 Rxb3 38.Qa7 Rb1 39.Rxb1 Qxb1+ 40.Kh2 Qc1 41.Qe7 Qf4+ 42.Kg1 Nxf3+
43.gxf3 Qg3+ 44.Kf1 Qxf3+ 45.Ke1 Qf6 46.Qd7 Qf4 47.Kd1 c4 48.Qc6 Qf1+ {#R} 0-1

[Event "It"]
[Site "Lvov (Ukraine)"]
[Round "0"]
[White "Petrosian Arshak B (ARM)"]
[Black "Tal Mikhail N (LAT)"]
[Result "0-1"]
[WhiteElo "2495"]
[BlackElo "2560"]

1.d4 e6 2.c4 Nf6 3.Nf3 c5 4.d5 exd5 5.cxd5 g6 6.Nc3 Bg7 7.e4 d6 8.Nd2 O-O
9.Be2 Na6 10.O-O Nc7 11.a4 Qe7 12.Re1 b6 13.h3 Re8 14.Nc4 Ba6 15.Bg5 h6 16.Bh4
Qd7 17.Bf1 Bxc4 18.Bxc4 a6 19.Qf3 Nh7 20.Qd3 Be5 21.Bg3 Bxg3 22.Qxg3 b5 23.Bf1
Nf6 24.e5 dxe5 25.Rad1 b4 26.Ne4 Nxe4 27.Rxe4 Qd6 28.Rde1 a5 29.Rxe5 Rxe5
30.Qxe5 Ne8 31.Qe3 Kg7 32.Bc4 Rc8 33.b3 Qf6 34.Bb5 Nd6 35.Bc6 c4 36.bxc4 Nxc4
37.Qc5 Ne5 38.Qxa5 Qg5 39.Qa6 Nf3+ 40.Kf1 Nxe1 41.Qxc8 Qc1 42.Qb7 Nf3+ 43.Ke2
Nd4+ 44.Kd3 Qc3+ 45.Ke4 Nf5 {#R} 0-1

[Event "Memorial A.Sokolsky"]
[Site "Minsk (Belarus)"]
[Round "13"]
[White "Dydyshko Viacheslav (BLR)"]
[Black "Kapengut Albert Z (BLR)"]
[Result "1-0"]
[WhiteElo "2450"]
[BlackElo "2402"]

1.d4 Nf6 2.c4 c5 3.d5 e6 4.Nc3 exd5 5.cxd5 d6 6.Nf3 g6 7.Nd2 Bg7 8.e4 O-O
9.Be2 Nbd7 10.O-O Ne8 11.Qc2 Rb8 12.a4 Nc7 13.f4 Na6 14.Nb5 Nb4 15.Qb3 Nf6
16.Nxa7 Bg4 17.Bxg4 Nxg4 18.Nb5 Qe7 19.Ra3 Rbd8 20.Qc4 b6 21.Nf3 Nf6 22.Re3
Rfe8 23.Rfe1 Nh5 24.g3 Qd7 25.b3 Qg4 26.Kf2 f5 27.e5 dxe5 28.d6+ Kh8 29.Ng5
Rf8 30.h3 {#r} 1-0

[Event "It"]
[Site "Leningrad (Russia)"]
[Round "0"]
[White "Bagaturov Giorgi (GEO)"]
[Black "Ruban Vadim (RUS)"]
[Result "1-0"]
[WhiteElo "2468"]
[BlackElo "2545"]

1.d4 Nf6 2.c4 c5 3.d5 e6 4.Nc3 exd5 5.cxd5 d6 6.Nf3 g6 7.Nd2 Bg7 8.e4 O-O
9.Be2 Na6 10.O-O Nc7 11.a4 b6 12.f3 Rb8 13.Kh1 Qd7 14.Nc4 Ba6 15.Ne3 Bxe2
16.Qxe2 a6 17.Nc4 b5 18.Na5 Rfe8 19.Qc2 Kh8 20.Bg5 Ng8 21.Nc6 Rb6 22.axb5 Nxb5
23.Na4 Rb7 24.Qc4 h6 25.Bf4 Ne7 26.e5 Nxc6 27.dxc6 Qxc6 28.exd6 Bd4 29.Rac1
Rc8 30.Rfd1 Kg8 31.Nxc5 Bxc5 32.Qd5 Qxd5 33.Rxd5 Rd7 34.b4 Nc3 35.Rxc5 {#r}
1-0

[Event "Active"]
[Site "Moscow (Russia)"]
[Round "0"]
[White "Polugaevsky Lev A (RUS)"]
[Black "Psakhis Lev (ISR)"]
[Result "0-1"]
[WhiteElo "2610"]
[BlackElo "2615"]

1.d4 Nf6 2.Nf3 e6 3.c4 c5 4.d5 exd5 5.cxd5 d6 6.Nc3 g6 7.e4 Bg7 8.Nd2 O-O
9.Be2 Na6 10.O-O Qe7 11.Rb1 Rb8 12.Re1 Nc7 13.a4 b6 14.b4 Ng4 15.Bxg4 Bxg4
16.Qb3 cxb4 17.Qxb4 Na6 18.Qa3 Nc5 19.Nd1 Bd7 20.Bb2 Bxa4 21.Bxg7 Kxg7 22.Nc3
Bc2 23.Ra1 Qf6 24.Nc4 Rbc8 25.e5 dxe5 26.Ne3 Nb3 27.Ne4 Qd8 28.Nxc2 Nxa1
29.Nxa1 Qxd5 30.h4 Rc4 31.Ng5 Rxh4 32.Qe7 Rg4 33.f3 Ra4 34.Kh2 Ra5 35.Nc2 h6
36.Ne3 Qc6 37.Ne4 Re8 38.Qb4 Ra2 39.Nd6 Rd8 40.Nxf7 Kxf7 41.Qb3+ Qe6 42.Nc4
Ra5 43.Nxa5 bxa5 44.Qb7+ Rd7 45.Qc8 Qe7 46.Qh8 Qh4+ {#R} 0-1

[Event "?"]
[Site "Silkeborg (Denmark)"]
[Round "23"]
[White "Velikov Petar (BUL)"]
[Black "Bove Quist Viggo (DEN)"]
[Result "1-0"]
[WhiteElo "2460"]
[BlackElo "2148"]

1.d4 Nf6 2.c4 c5 3.d5 e6 4.Nc3 exd5 5.cxd5 d6 6.e4 g6 7.Nf3 Bg7 8.Be2 O-O
9.Nd2 Nbd7 10.O-O Ne8 11.a4 Rb8 12.Nc4 Ne5 13.Ne3 f5 14.f4 Nf7 15.exf5 gxf5
16.Nc4 b6 17.Be3 Rb7 18.Bf2 Nh6 19.h3 Kh8 20.Qd2 Bf6 21.a5 Rg7 22.axb6 axb6
23.Rfe1 Rfg8 24.Bf1 Bb7 25.Re6 Nf7 26.Nb5 Rg6 27.Ra7 Qb8 28.Nxb6 Nd8 29.Nd7
Qxa7 30.Nxa7 Nxe6 31.dxe6 Bg7 32.b4 cxb4 33.Qxb4 Be4 34.e7 Re6 35.Nc8 h5
36.Bd4 Kh7 37.Bxg7 Rxg7 38.Nf8+ {#r} 1-0

[Event "It \"]
[Site "New York (USA)"]
[Round "0"]
[White "McCambridge Vincent (USA)"]
[Black "Kudrin Sergey (USA)"]
[Result "1-0"]
[WhiteElo "2459"]
[BlackElo "2510"]

1.d4 Nf6 2.c4 e6 3.Nf3 c5 4.d5 exd5 5.cxd5 g6 6.Nc3 d6 7.e4 Bg7 8.Nd2 O-O
9.Be2 Nbd7 10.O-O Ne8 11.Kh1 f5 12.exf5 gxf5 13.a4 f4 14.Nf3 Ne5 15.Ra3 Kh8
16.Bd2 Nc7 17.Qc1 Nxf3 18.Bxf3 Be5 19.Re1 Bd7 20.Ne4 Rf5 21.Bg4 Nxd5 22.Rd3
Qg8 23.Bxf5 Bxf5 24.Nxd6 Bxd3 25.Rxe5 h6 26.Qxc5 Nf6 27.Re7 Rf8 28.Bxf4 Qb3
29.h3 Qxb2 30.Be5 Qd2 31.Bxf6+ {#r} 1-0

[Event "Ch Poland"]
[Site "Poznan (Poland)"]
[Round "0"]
[White "Ksieski Zbigniew (POL)"]
[Black "Pokojowczyk Jerzy (POL)"]
[Result "1-0"]
[WhiteElo "2400"]
[BlackElo "2370"]

1.d4 Nf6 2.c4 e6 3.Nf3 c5 4.d5 exd5 5.cxd5 g6 6.Nc3 Bg7 7.e4 O-O 8.Be2 d6
9.Nd2 Na6 10.O-O Nc7 11.a4 Re8 12.Kh1 Qe7 13.Ra3 Bd7 14.f3 a6 15.Rb3 Reb8
16.a5 Nb5 17.Nc4 Nxc3 18.Rxc3 Bb5 19.Nb6 Ra7 20.Rb3 Nd7 21.Bxb5 axb5 22.Rxb5
Nxb6 23.Rxb6 Rxa5 24.b4 cxb4 25.Rxb4 Ra1 26.Ra4 Rxa4 27.Qxa4 b5 28.Qb4 Qe5
29.Ba3 Rb6 30.Rc1 h5 31.g3 Ra6 32.f4 Qe8 33.e5 dxe5 34.Qe7 Qa8 35.Qd7 Kh7
36.Rc8 Qa7 37.Qxa7 Rxa7 38.d6 Rd7 39.Rc7 Rd8 40.Rxf7 Kg8 {#r} 1-0

[Event "It (open)"]
[Site "Enger/Spenge (Germany)"]
[Round "1"]
[White "Podzielny Karl-Heinz (GER)"]
[Black "Tamm Ulrich Dr (GER)"]
[Result "1-0"]
[WhiteElo "2470"]
[BlackElo "2173"]

1.d4 Nf6 2.Nf3 e6 3.c4 c5 4.d5 exd5 5.cxd5 d6 6.Nc3 g6 7.Nd2 Nbd7 8.e4 Bg7
9.Be2 O-O 10.O-O Ne5 11.a4 g5 12.Re1 a6 13.Nf1 Ne8 14.Ng3 h6 15.Qc2 b6 16.Nd1
Bd7 17.Ne3 b5 18.Nef5 c4 19.Be3 Bxf5 20.Nxf5 Nc7 21.Qd2 Ng6 22.axb5 axb5
23.Qb4 Qd7 24.Bg4 Kh7 25.Bh3 Ne5 26.Nxg7 g4 27.Nh5 f5 28.Rxa8 Nxa8 29.Ra1 Nc7
30.Ra7 Rf7 31.Qa5 Qd8 32.f4 Nd3 33.Bxg4 fxg4 34.Qc3 Kg6 35.Ng3 Qe8 36.Qd4 Nc5
37.e5 N7e6 38.f5+ {#r} 1-0

[Event "It (open)"]
[Site "Lugano (Switzerland)"]
[Round "0"]
[White "Tukmakov Vladimir B (UKR)"]
[Black "Yap Andromico (PHI)"]
[Result "1-0"]
[WhiteElo "2565"]
[BlackElo "2425"]

1.d4 Nf6 2.Nf3 c5 3.d5 e6 4.c4 exd5 5.cxd5 d6 6.Nc3 g6 7.e4 Bg7 8.Be2 Bg4
9.O-O O-O 10.Bg5 Bxf3 11.Bxf3 Nbd7 12.Be2 Re8 13.Qc2 a6 14.a4 Rc8 15.a5 h6
16.Bd2 c4 17.f3 g5 18.Kh1 Nf8 19.Ra4 Ng6 20.Bxc4 Nd7 21.Be2 Nf4 22.Qd1 Nc5
23.Ra3 Ncd3 {#r} 1-0

[Event "It (open)"]
[Site "Montpellier (France)"]
[Round "0"]
[White "Dlugy Maxim (USA)"]
[Black "Hulak Krunoslav (CRO)"]
[Result "1-0"]
[WhiteElo "2495"]
[BlackElo "2450"]

1.d4 Nf6 2.c4 e6 3.Nf3 c5 4.d5 exd5 5.cxd5 d6 6.Nc3 g6 7.Nd2 Bg7 8.e4 O-O
9.Be2 Na6 10.O-O Nc7 11.a4 b6 12.Nc4 Ba6 13.Bg5 Qd7 14.b3 Rfe8 15.Qc2 Ng4
16.Rae1 Bd4 17.Bf4 Ne5 18.h3 f5 19.Bxe5 Bxe5 20.Nxe5 dxe5 21.exf5 gxf5 22.d6
Qxd6 23.Bxa6 Nxa6 24.Qxf5 Qe6 25.Qxe6+ Rxe6 26.f4 c4 27.bxc4 Rc8 28.f5 Rd6
29.f6 Rxc4 30.f7+ Kf8 31.Ne4 Rg6 32.Nf6 Kxf7 33.Nd7+ Kg7 34.Nxe5 Rxa4 35.Nxg6
hxg6 36.Re7+ Kh6 37.Rxa7 b5 38.Rf6 Nc5 39.Rxa4 Nxa4 40.Rf4 Kg5 41.Rb4 Nc3
42.Rb3 Ne2+ 43.Kh2 Nd4 44.Rb4 {#r} 1-0

[Event "It"]
[Site "Rostock (Germany)"]
[Round "9"]
[White "Chekhov Valery A (RUS)"]
[Black "Twardon Marian (POL)"]
[Result "1-0"]
[WhiteElo "2495"]
[BlackElo "2331"]

1.d4 Nf6 2.c4 e6 3.Nf3 c5 4.d5 exd5 5.cxd5 d6 6.Nc3 g6 7.Nd2 Bg7 8.e4 O-O
9.Be2 Na6 10.O-O Nc7 11.a4 Nd7 12.Nc4 Ne5 13.Ne3 f5 14.f4 Nf7 15.exf5 gxf5
16.Bd3 Nh6 17.Qc2 Kh8 18.Kh1 Bd7 19.Bd2 a6 20.Ne2 Qh4 21.b4 Rae8 22.bxc5 Rxe3
23.Bxe3 Ng4 24.Bg1 Nxd5 25.Qb1 Bc6 26.Rf3 dxc5 27.Bxf5 Rxf5 28.Qxf5 Ne7 29.Qb1
Bxf3 30.gxf3 Nf2+ 31.Kg2 Nh3 32.Qe1 Nxf4+ 33.Nxf4 Qxf4 34.Rd1 Ng6 35.Qe4 Qg5+
36.Kh1 h5 37.Rd5 Be5 38.Bxc5 {#r} 1-0

[Event "Ch Canada (juniors) (under 18)"]
[Site "Winnipeg (Canada)"]
[Round "9"]
[White "Southam Todd (CAN)"]
[Black "Schleifer Michael (CAN)"]
[Result "0-1"]
[WhiteElo "2300"]
[BlackElo "2339"]

1.d4 Nf6 2.c4 c5 3.d5 e6 4.Nc3 exd5 5.cxd5 g6 6.Nf3 Bg7 7.e4 d6 8.Be2 O-O
9.Bf4 Na6 10.O-O Nc7 11.a4 Re8 12.Nd2 a6 13.Bf3 Rb8 14.Nc4 Bf8 15.e5 dxe5
16.Bg5 Bg7 17.Ne4 Bf5 18.Ned6 e4 19.g4 Bd7 20.Bxe4 Rf8 21.Qf3 h6 22.Bxf6 Bxf6
23.Nb6 Bxb2 24.Rab1 Bd4 25.Nxd7 Qxd7 26.Nxb7 Qxa4 27.Nd6 Nb5 28.Nxb5 axb5
29.d6 Qa6 30.Bc6 Rb6 31.Bd5 Rxd6 32.Qe4 Rf6 33.Rbe1 Qd6 34.Kg2 Rf4 35.Qxf4
Qxf4 36.Re7 Qd6 {#R} 0-1

[Event "It"]
[Site "Lauda (Germany)"]
[Round "1"]
[White "Loch Hagen (GER)"]
[Black "Schlenker Jochen (GER)"]
[Result "1-0"]
[WhiteElo "2156"]
[BlackElo "2200"]

1.d4 Nf6 2.c4 c5 3.d5 e6 4.Nc3 exd5 5.cxd5 d6 6.e4 g6 7.Nf3 Bg7 8.Nd2 O-O
9.Be2 Nbd7 10.O-O Ne5 11.f3 h6 12.f4 Ned7 13.a4 Ne8 14.Nc4 Nb6 15.Be3 Bg4
16.Nxb6 Bxe2 17.Qxe2 Qxb6 18.a5 Qd8 19.e5 Rc8 20.Qf3 Qe7 21.Rae1 Qc7 22.f5
dxe5 23.Ne4 gxf5 24.Qxf5 b6 25.Bxh6 Bxh6 26.d6 Qd8 27.d7 Rc6 28.dxe8=Q Qxe8
29.Nf6+ Rxf6 30.Qxf6 Bg7 31.Qd6 Qb5 32.axb6 axb6 33.Qd2 Qc6 34.Rf3 e4 35.Rg3
f5 36.Qg5 Qd7 37.Kh1 Rf7 38.Qg6 Rf6 39.Qxf6 {#r} 1-0

[Event "It (open)"]
[Site "Lauda (Germany)"]
[Round "0"]
[White "Roes Helge (GER)"]
[Black "Schuster Gerhard (GER)"]
[Result "1-0"]
[WhiteElo "2181"]
[BlackElo "2004"]

1.d4 Nf6 2.c4 e6 3.Nf3 c5 4.d5 exd5 5.cxd5 d6 6.Nc3 g6 7.e4 Bg7 8.Bb5+ Bd7
9.Be2 Bg4 10.O-O O-O 11.Bf4 Re8 12.h3 Bxf3 13.Bxf3 Na6 14.Qb3 Rb8 15.Rfe1 b5
16.e5 Nh5 17.Bxh5 dxe5 18.Bh2 gxh5 19.Ne4 c4 20.Qf3 Nb4 21.Qxh5 Qxd5 22.Rad1
Nd3 23.Re3 Rb6 24.Rf3 Rh6 25.Qxh6 Bxh6 26.Nf6+ Kf8 27.Nxd5 e4 28.Bd6+ Kg7
29.Rg3+ Kh8 30.Nf6 Rc8 31.Nxe4 Bg7 32.Rgxd3 cxd3 33.Rxd3 Rc2 34.Ba3 Be5 35.g3
a5 36.Rd8+ Kg7 37.Bf8+ Kg6 38.Rd5 Bxb2 {#r} 1-0

[Event "It (young masters)"]
[Site "Oakham (England)"]
[Round "3"]
[White "Conquest Stuart (ENG)"]
[Black "Palkovi Jozsef (HUN)"]
[Result "1-0"]
[WhiteElo "2430"]
[BlackElo "2320"]

1.d4 Nf6 2.c4 e6 3.Nf3 c5 4.d5 exd5 5.cxd5 d6 6.Nc3 g6 7.Nd2 Bg7 8.e4 O-O
9.Be2 Na6 10.O-O Nc7 11.a4 Rb8 12.Nc4 b6 13.Bg5 Ba6 14.f4 Bxc4 15.Bxc4 h6
16.Bh4 Qe8 17.e5 dxe5 18.d6 Ne6 19.fxe5 Nd7 20.Be7 Bxe5 21.Bxe6 fxe6 22.Bxf8
Nxf8 23.Qd2 Kg7 24.Rae1 Bd4+ 25.Kh1 a6 26.Rf3 Rb7 27.Nd5 Qd8 28.Nc7 Qxd6
29.Ne8+ {#r} 1-0

[Event "Ch Europe (juniors)"]
[Site "Arnhem (Netherlands)"]
[Round "12"]
[White "Wessman Richard (SWE)"]
[Black "Fernandez Romero Ernesto (ESP)"]
[Result "1-0"]
[WhiteElo "2285"]
[BlackElo "2479"]

1.d4 Nf6 2.Nf3 e6 3.c4 c5 4.d5 exd5 5.cxd5 d6 6.Nc3 g6 7.Nd2 Bg7 8.e4 O-O
9.Be2 Na6 10.O-O Nc7 11.a4 b6 12.f3 Ba6 13.Bxa6 Nxa6 14.Nc4 Ne8 15.f4 Nb4
16.e5 a6 17.Be3 Rb8 18.Kh1 dxe5 19.fxe5 Nc7 20.Qf3 Qh4 21.Nxb6 Rxb6 22.Bxc5
Rbb8 23.Bd6 Qd8 24.a5 Nc2 25.Ra4 Bh6 26.Qh3 Bg5 27.Bxf8 Qxf8 28.Ne4 h6 29.e6
f5 30.Nxg5 hxg5 31.Rc4 Nxd5 32.Rxc2 Qd6 33.Re1 Kg7 34.Qd3 Qb4 35.Rd1 Rb5
36.Qe2 Rxa5 37.Qe5+ Kh7 38.Rc7+ Ne7 39.Rxe7+ {#r} 1-0

[Event "It"]
[Site "Banja-Luka (Bosnia & Herzegovina)"]
[Round "5"]
[White "Wiedenkeller Michael (SWE)"]
[Black "Hulak Krunoslav (CRO)"]
[Result "0-1"]
[WhiteElo "2450"]
[BlackElo "2495"]

1.d4 Nf6 2.c4 e6 3.Nf3 c5 4.d5 exd5 5.cxd5 d6 6.Nc3 g6 7.Nd2 Bg7 8.e4 O-O
9.Be2 Na6 10.O-O Nc7 11.a4 b6 12.Nc4 Ba6 13.Bg5 Qd7 14.Qd2 Bxc4 15.Bxc4 a6
16.Rfe1 b5 17.Bf1 Rfe8 18.f3 h5 19.Bh6 Bh8 20.axb5 axb5 21.Rab1 c4 22.Ne2 Na6
23.Nd4 Nc5 24.b4 Nfxe4 25.fxe4 Nxe4 26.Qe3 Nf6 27.Qd2 Nxd5 28.Nf3 Nc3 29.Rxe8+
Rxe8 30.Re1 Rxe1 31.Qxe1 d5 32.g3 d4 33.Bh3 Qd8 34.Ng5 d3 35.Be6 Ne2+ 36.Kg2
fxe6 37.Qf2 Qd5+ 38.Kh3 Qf5+ {#R} 0-1